[Event "FRA-ch U12"]
[Site "Saint Paul Trois Chateaux"]
[Date "2013.04.28"]
[Round "1"]
[White "Berrini, Florian"]
[Black "Ariza, Thomas"]
[Result "0-1"]
[WhiteElo "1500"]
[BlackElo "1742"]
[PlyCount "122"]
[EventDate "2013.04.28"]
[EventType "swiss"]
[EventRounds "9"]
[EventCountry "FRA"]
[SourceTitle "CBM 154 Extra"]
[Source "ChessBase"]
[SourceDate "2013.06.25"]
[SourceVersion "2"]
[SourceVersionDate "2013.06.25"]
[SourceQuality "1"]

1. e4 e6 2. d4 d5 3. e5 c5 4. c3 Qb6 5. Bd3 Nc6 6. Nf3 Bd7 7. Bc2 Nh6 8. b3 cxd4 9. cxd4 Bb4+ 10. Kf1 Nf5 11. a3 Be7 12. Bxf5 exf5 13. Nc3 Rc8 14. Nxd5 Qb5+ 15. Kg1 Qxd5 16. h3 0-0 17. Bb2 Na5 18. Nd2 Bg5 19. Nf3 Bh6 20. b4 Nc4 21. Bc1 Rc6 22. Bxh6 Rxh6 23. Ng5 Rg6 24. Qh5 h6 25. Nf3 Bc6 26. Qxf5 Qxf3 27. Qxg6 fxg6 28. gxf3 Bxf3 29. Rh2 Nd2 30. Ra2 Rc8 31. Ra1 Rc4 32. e6 Bc6 33. Rg2 Bxg2 34. Kxg2 Rxd4 35. f3 Kf8 36. Re1 Ke7 37. Re2 Nc4 38. Kg3 Rd6 39. Rc2 b5 40. a4 a6 41. axb5 axb5 42. Ra2 Kxe6 43. Ra7 Rd7 44. Ra6+ Kf5 45. Rc6 Rd5 46. Rc7 Kf6 47. Kf2 Rd2+ 48. Ke1 Rb2 49. Rb7 Rxb4 50. Kd1 Rb2 51. Rc7 Ne3+ 52. Kc1 Rc2+ 53. Rxc2 Nxc2 54. Kxc2 Kf5 55. Kb3 Kf4 56. Kb4 Kxf3 57. Kxb5 Kg3 58. Kc4 Kxh3 59. Kd3 g5 60. Ke3 g4 61. Kf2 Kh2 0-1